|
|
|
|
| LEADER |
00984cam a2200289 7i4500 |
| 001 |
0000059257 |
| 005 |
20230906090000.0 |
| 008 |
230906t20062006my # ### #00001eng## |
| 020 |
# |
# |
|a 9833643965
|
| 020 |
# |
# |
|a 9789833643967
|
| 040 |
# |
# |
|a UMT
|b eng
|c UMT
|e rda
|
| 090 |
0 |
0 |
|a BP 173.7
|b .S4 2006
|
| 100 |
0 |
# |
|a Shad Saleem Faruqui
|e author
|
| 245 |
1 |
0 |
|a Islam, democracy and development
|c Shad Saleem Faruqi.
|
| 264 |
# |
1 |
|a Shah Alam, Malaysia:
|b Pusat Penerbitan Universiti, Universiti Teknologi MARA,
|c 2006
|
| 264 |
# |
4 |
|c ♭2006
|
| 300 |
# |
# |
|a ix, 29 pages;
|c 21 cm
|
| 336 |
# |
# |
|a text --
|2 rdacontent
|
| 337 |
# |
# |
|a unmediated --
|2 rdamedia
|
| 338 |
# |
# |
|a volume --
|2 rdacarrier
|
| 490 |
0 |
# |
|a Monograph series;
|v no. 1/2006
|
| 590 |
# |
# |
|a Pusat Pendidikan Asas dan Liberal
|
| 650 |
0 |
0 |
|a Islam and politics
|
| 650 |
0 |
0 |
|a Democracy --
|x Religious aspects --
|x Islam
|
| 650 |
0 |
0 |
|a Islam and state
|
| 830 |
# |
0 |
|a Monograph series
|
| 999 |
|
|
|a 1100053510
|b Book
|c Open Shelf
|e KOLEKSI TERBUKA
|